书目信息 |
| 题名: |
幼儿养育百忌
|
|
| 作者: | 胡晓林 , 韩露 编 | |
| 分册: | ||
| 出版信息: | 北京 中国集邮出版社 1989 |
|
| 页数: | 165页 | |
| 开本: | 19cm | |
| 丛书名: | 生活百忌小丛书 | |
| 单 册: | ||
| 中图分类: | R174 , G610 | |
| 科图分类: | ||
| 主题词: | 婴幼儿--保健--基本知识 , 婴幼儿 , 保健 , 教育--各级 | |
| 电子资源: | ||
| ISBN: | 7-80048-106-9 | |
| 000 | 00756oam2 2200289 450 | |
| 001 | 1567181345 | |
| 005 | 20150128144204.90 | |
| 010 | @a7-80048-106-9@dCNY2.20 | |
| 100 | @a20051025d1989 em y0chiy50 ea | |
| 101 | 0 | @achi |
| 102 | @aCN@b110000 | |
| 105 | @ay z 000yy | |
| 200 | 1 | @a幼儿养育百忌@9you er yang yu bai ji@f胡晓林,韩露编 |
| 210 | @a北京@c中国集邮出版社@d1989 | |
| 215 | @a165页@d19cm | |
| 225 | 2 | @a生活百忌小丛书 |
| 461 | 0 | @12001 @a生活百忌小丛书 |
| 606 | 0 | @a婴幼儿@x保健@x基本知识 |
| 606 | 0 | @a婴幼儿 |
| 606 | 0 | @a保健 |
| 606 | 0 | @a教育@x各级 |
| 690 | @aR174@v5 | |
| 690 | @aG610@v4 | |
| 701 | 0 | @a胡晓林@9hu xiao lin@4编 |
| 701 | 0 | @a韩露@9han lu@4编 |
| 801 | 0 | @aCN@bTSSF@c20150128 |
| 905 | @aZUCC@dG610@eJY112 | |
| 幼儿养育百忌/胡晓林,韩露编.-北京:中国集邮出版社,1989 |
| 165页;19cm.-(生活百忌小丛书) |
| ISBN 7-80048-106-9:CNY2.20 |
| ● |
| 相关链接 |
|
|
|
|
正题名:幼儿养育百忌
索取号:G610/JY112
 
预约/预借
| 序号 | 登录号 | 条形码 | 馆藏地/架位号 | 状态 | 备注 |
| 1 | 7837401 | 278374019 | 学院路分馆/ [索取号:G610/JY112] | 在馆 | |
| 2 | 7837402 | 278374028 | 学院路分馆/ [索取号:G610/JY112] | 在馆 | |
| 3 | 7837420 | 278374206 | 学院路分馆/ [索取号:G610/JY112] | 在馆 | |
| 4 | 7837421 | 278374215 | 学院路分馆/ [索取号:G610/JY112] | 在馆 |